• 首页
  • 本馆介绍
  • 公告通知
  • 最新文献
  • 馆藏检索
  • 电子资源
  • 读者导购
  • 参考咨询
  • 我的图书馆
  • 登录
  • 详细信息显示
  • 放入我的书架
  • 预约/预借图书
  • 作者相关作品
  • 分类相关作品
  • 丛书相关作品
  • 出版社相关作品

书目信息

  • 表格格式
  • 工作单格式
  • 卡片格式
题名:
婚姻家庭与儿童工作
    
 
作者: ;全国妇联 编
分册:  
出版信息: 北京   人民出版社  1982
页数: 202页
开本: 19cm
丛书名:
单 册:
中图分类: D442.6
科图分类:
主题词: 妇女工作-儿童--中国 , 婚姻-妇女工作--中国 , 儿童-妇女工作--中国 , 妇女工作-婚姻--中国
电子资源:
ISBN:
000 00745nam0 2200265 45
001 0182008253
005 20060811172928.14
010    @dCNY0.46
091    @aCN@b3001.1804
100    @a19950531d1982 em y0chiy0121 ea
101 0  @achi
102    @aCN@b110000
105    @ay z 000yy
200 10 @a婚姻家庭与儿童工作@Ahun yin jia ting yu er tong gong zuo@f中华全国妇女联合会编
210    @a北京@c人民出版社@d1982
215    @a202页@d19cm
606    @a妇女工作-儿童@y中国
606    @a婚姻-妇女工作@y中国
606    @a儿童-妇女工作@y中国
606    @a妇女工作-婚姻@y中国
690    @aD442.6@v3
711 02 @a全国妇联@Aquan guo fv lian@4编
801  0 @aCN@bTSSF@c20060811
801  2 @aCN@bNLC@c20060731
905    @a10447@dD442.6@e10
    
    婚姻家庭与儿童工作/中华全国妇女联合会编.-北京:人民出版社,1982
    202页;19cm
    
    
    ISBN :CNY0.46
    
●
相关链接 在E读中查询图书 在五车中查询图书 在当当中查询图书 在豆瓣中查询图书


正题名:婚姻家庭与儿童工作     索取号:D442.6/10         预约/预借

序号 登录号 条形码 馆藏地/架位号 状态 备注
1 0440619   204406197   密集书库/ [索取号:D442.6/10] 在馆    
2 0448792   204487929   密集书库/ [索取号:D442.6/10] 在馆    
唐山师范学院图书馆 欢迎您!
大连网信软件有限公司© 版权所有